Stručný komentář k zákonu o účetnictví.

Komentár k zákonu č. 563/91 Zb. o účtovníctve. Nutnosť podrobného poznania zákona a jeho denné používanie v praxi. Vecné účtovné zásady, rozsah platnosti zákona. Použitie účtovných sústav účtovnými jednotkami. Účtovná uzávierka. Oceňovanie majetku a záväzkov a inventarizácia. Archivovanie. Zvláštnos...

Descripción completa

Guardado en:
Detalles Bibliográficos
Autor principal: Havel, F.
Otros Autores: Huleš, J.
Formato: Capítulo de libro
Lenguaje:checo
Materias:
Etiquetas: Agregar Etiqueta
Sin Etiquetas, Sea el primero en etiquetar este registro!

MARC

LEADER 00000naa a2200000 4500
001 r008138
005 20220831085438.2
041 0 |a cze 
044 |a [CS] 
245 1 0 |a Stručný komentář k zákonu o účetnictví.  |c F. Havel, J. Huleš 
520 |a Komentár k zákonu č. 563/91 Zb. o účtovníctve. Nutnosť podrobného poznania zákona a jeho denné používanie v praxi. Vecné účtovné zásady, rozsah platnosti zákona. Použitie účtovných sústav účtovnými jednotkami. Účtovná uzávierka. Oceňovanie majetku a záväzkov a inventarizácia. Archivovanie. Zvláštnosti vedenia účtovníctva na počítačoch. 
610 2 0 |a účtovníctvo 
610 2 0 |a predpisy právne 
610 2 0 |a zákony 
610 2 0 |a ČSFR 
610 2 0 |a 1991 
610 2 0 |a využitie počítačov 
610 2 0 |a inventarizácia 
610 2 0 |a uzávierka účtovná 
610 2 0 |a oceňovanie 
610 2 0 |a archívy účtovné 
100 1 |a Havel, F. 
700 1 |a Huleš, J.